<?xml version="1.0" encoding="UTF-8"?><?xml-stylesheet type="text/xsl" href="static/style.xsl"?><OAI-PMH xmlns="http://www.openarchives.org/OAI/2.0/" xmlns:xsi="http://www.w3.org/2001/XMLSchema-instance" xsi:schemaLocation="http://www.openarchives.org/OAI/2.0/ http://www.openarchives.org/OAI/2.0/OAI-PMH.xsd"><responseDate>2026-04-13T00:56:14Z</responseDate><request verb="GetRecord" identifier="oai:www.recercat.cat:2072/402917" metadataPrefix="marc">https://recercat.cat/oai/request</request><GetRecord><record><header><identifier>oai:recercat.cat:2072/402917</identifier><datestamp>2026-04-02T01:57:35Z</datestamp><setSpec>com_2072_98</setSpec><setSpec>col_2072_378192</setSpec></header><metadata><record xmlns="http://www.loc.gov/MARC21/slim" xmlns:dcterms="http://purl.org/dc/terms/" xmlns:xsi="http://www.w3.org/2001/XMLSchema-instance" xmlns:doc="http://www.lyncode.com/xoai" xsi:schemaLocation="http://www.loc.gov/MARC21/slim http://www.loc.gov/standards/marcxml/schema/MARC21slim.xsd">
   <leader>00925njm 22002777a 4500</leader>
   <datafield ind2=" " ind1=" " tag="042">
      <subfield code="a">dc</subfield>
   </datafield>
   <datafield ind2=" " ind1=" " tag="720">
      <subfield code="a">Alonso, Ana Luna</subfield>
      <subfield code="e">author</subfield>
   </datafield>
   <datafield ind2=" " ind1=" " tag="260">
      <subfield code="c">2014</subfield>
   </datafield>
   <datafield ind2=" " ind1=" " tag="520">
      <subfield code="a">La producción literaria gallega ha ido más allá de las fronteras locales de modo significativo en la pasada década. En los últimos años hemos escuchado nuevas voces y se han consagrado autorías que han alcanzado el espacio internacional. La calidad de sus trabajos ha permitido que su creación se haga visible por medio de traducciones que la acercan a otros universos culturales. En este artículo analizamos cuáles han podido ser las razones de esta expansión al tiempo que proponemos una taxonomía del sector editorial en función del circuito recorrido por determinadas autorías. Partimos del registro creado en bitraga, una base de datos elaborada para obtener las referencias fiables de las traducciones y examinamos cómo ha sido el itinerario seguido en el último decenio por algunas de las creaciones de mayor impacto.</subfield>
   </datafield>
   <datafield ind2=" " ind1=" " tag="520">
      <subfield code="a">Galician literary production has significantly crossed the local frontiers during the last decade. New voices came into being over the past years and have been consecrated as internationally known writers. The quality of their works has enabled their creations to become visible through translations that bring them closer to other cultural universes. This paper analyses the reasons for such expansion and at the same time proposes a taxonomy for the publishing sector in line with the path travelled by certain authors and works. The starting point is the register created in bitraga which is a data base that permits one to get reliable translation references and the paper then examines the trajectory taken by the most impacting authors over the past decade.</subfield>
   </datafield>
   <datafield tag="653" ind2=" " ind1=" ">
      <subfield code="a">Traducció literària gallega</subfield>
   </datafield>
   <datafield tag="653" ind2=" " ind1=" ">
      <subfield code="a">Internacionalització</subfield>
   </datafield>
   <datafield tag="653" ind2=" " ind1=" ">
      <subfield code="a">Traducción literaria gallega</subfield>
   </datafield>
   <datafield tag="653" ind2=" " ind1=" ">
      <subfield code="a">Internacionalización</subfield>
   </datafield>
   <datafield tag="653" ind2=" " ind1=" ">
      <subfield code="a">Sector editorial</subfield>
   </datafield>
   <datafield tag="653" ind2=" " ind1=" ">
      <subfield code="a">Galician literary translation</subfield>
   </datafield>
   <datafield tag="653" ind2=" " ind1=" ">
      <subfield code="a">Internationally</subfield>
   </datafield>
   <datafield tag="653" ind2=" " ind1=" ">
      <subfield code="a">Publishing sector</subfield>
   </datafield>
   <datafield ind2="0" ind1="0" tag="245">
      <subfield code="a">Circuitos de edición de la producción literaria gallega traducida : propuesta de un modelo de sistematización</subfield>
   </datafield>
</record></metadata></record></GetRecord></OAI-PMH>